[Event "Portoroz/Nova Gorica"]
[Site "Portoroz"]
[Date "1991.??.??"]
[Round "?"]
[White "Polgar, Zsuzsa"]
[Black "Khalifman, Alexander"]
[Result "1-0"]
[WhiteElo "2510"]
[BlackElo "2640"]
[Annotator "Polgar,Zsu"]
[PlyCount "44"]
[EventDate "1991.??.??"]
[EventType "schev"]
[EventRounds "3"]
[EventCountry "SLO"]
[SourceTitle "CBM 024"]
[Source "ChessBase"]
[SourceDate "1991.10.01"]
[SourceVersion "1"]
[SourceVersionDate "1991.10.01"]
[SourceQuality "1"]

1. d4 e6 2. c4 Nf6 3. Nf3 b6 4. e3 Bb7 5. Bd3 d5 6. O-O Bd6 7. b3 O-O 8. Bb2
Nbd7 9. Nc3 a6 10. Rc1 Ne4 (10... Qe7) 11. Ne2 (11. Na4) 11... f5 $6 (11... Qf6
12. Ng3 Qh6 (12... Nxg3 13. hxg3 dxc4 14. Rxc4 h6 15. Bb1 Rac8 16. Qc2 g6 17.
e4 e5 18. Qd2 Kh7 19. dxe5 Nxe5 20. Nxe5 Bxe5 21. Bxe5 Qxe5 22. Rd4 $16 {
Franco-Huss,Luzern 1989.}) 13. Ne5 (13. cxd5 Nxg3 14. hxg3 exd5 15. g4 f6 16.
g3 $14 {Portisch-Chandler,Manila (izt)1990.}) 13... Ndf6 14. Qe2 Qh4 15. cxd5
Bxd5 16. Nxe4 Bxe4 17. Bxe4 Nxe4 18. g3 Qh3 19. f3 Nf6 20. Nc6 Rfe8 21. e4 Nd7
22. f4 f5 23. e5 Bf8 24. a4 b5 25. a5 $16 {Portisch-Franco,1982.}) (11... Qe7
12. Ne5 $1 (12. Qc2 Rac8 13. Ng3 f5 14. Qe2 a5 15. Rc2 c6 {Draw in Petrosian,A.
-Aseev,K. Daugavpils 1989.}) 12... Rfd8 13. cxd5 exd5 14. Nc6 Bxc6 15. Rxc6 Nb8
16. Rc2 c5 17. Ng3 Nxg3 18. hxg3 $16 {Gligoric-Nikolic,P 1985.}) (11... Re8 12.
Qc2 f5 13. Rfd1 Ndf6 14. h3 Nh5 15. Ne5 dxc4 16. Bxc4 {Draw in Petrosian,A.
-Aseev Daugavpils 1989.}) 12. Ne5 $1 (12. cxd5 exd5 13. Ne5 $14) (12. Qc2 dxc4
13. bxc4 Ng5 $10 {Polgar,Zsu.-Farago,I. Hungary (ch) 1986.}) 12... Bxe5 13.
dxe5 Ndc5 (13... c5 14. Nf4 Qe7 15. cxd5 exd5 16. Bxe4 dxe4 17. Nd5 $16) 14.
Nf4 Qe8 (14... g5 15. Nh5) 15. cxd5 exd5 16. Bxe4 $1 dxe4 17. b4 Rd8 18. Bd4 g5
$6 (18... Ne6 19. Nxe6 Qxe6 20. Rxc7 $16) (18... Nd3 $16) 19. bxc5 (19. Nh5 $2
Ne6 20. Nf6+ Rxf6 21. exf6 c5) 19... gxf4 20. cxb6 cxb6 21. Rc7 Rf7 (21... Bd5
$2 22. e6 $1 $18) 22. Qb3 b5 {23.Rb7 +-} (22... Bd5 23. Qxb6 $16) 1-0

[Event "FRA-chT Top 16 Gp Haute"]
[Site "Guingamp"]
[Date "2010.06.03"]
[Round "8.2"]
[White "Van Wely, Loek"]
[Black "Genzling, Alain"]
[Result "1-0"]
[WhiteElo "2639"]
[BlackElo "2405"]
[Annotator "Primel,D"]
[PlyCount "67"]
[EventDate "2010.06.03"]
[EventType "team-tourn"]
[EventRounds "11"]
[EventCountry "FRA"]
[SourceTitle "EXT 2011"]
[Source "ChessBase"]
[SourceDate "2010.11.26"]
[SourceVersion "1"]
[SourceVersionDate "2010.11.26"]
[SourceQuality "1"]
[WhiteTeam "Chalons en Champagne"]
[BlackTeam "Vandoeuvre"]
[WhiteTeamCountry "FRA"]
[BlackTeamCountry "FRA"]

1. d4 Nf6 2. c4 e6 3. Nf3 Bb4+ 4. Nbd2 {Un carrefour important pour les blancs
qui ont plusieurs alternatives dans cette défense Bogo} (4. Bd2 c5 {Fressinet,
L (2689)-Kogan,A (2525) FRA T TOP 16 2010 (8.4) 1/2}) (4. Nc3) 4... b6 {
Transposant dans une Ouest-Indienne} (4... O-O) 5. a3 (5. e3) (5. g3) 5...
Bxd2+ 6. Qxd2 (6. Bxd2 Bb7 7. Bg5 (7. e3 c5 8. Bd3 d6 9. dxc5 bxc5 10. O-O a5
11. b3 (11. b4 $5 {Plus actif selon le MI Taulbut}) 11... Nbd7 {Miles,A (2585)
-Andersson,U (2640) Niksic 1983 (9) 0-1})) 6... Bb7 7. e3 {Cette position se
jouait le même jour dans un match voisin} d6 (7... O-O {Delchev,A (2625)
-Sokolov,A (2585) FRA T TOP 16 2010 (8.5) 1/2}) 8. Be2 Nbd7 9. O-O O-O 10. b4 {
[%cal Gc1b2,Gd2c3]} Ne4 {[%cal Gf7f5]} (10... Qe7 11. Bb2 Ne4 12. Qc2 c5 13.
dxc5 $14 {[%csl Gb2];Shamkovich,L (2535)-Kholmov,R (2550) URS-ch40 Baku 1972 
(11) 1-0}) 11. Qc2 f5 12. Bb2 Rf6 {Cette idée de Smyslov est peut-être un peu
optimiste} (12... a5 $142 13. d5 e5 14. Nd2 Nxd2 15. Qxd2 Qe7 {Khenkin,I (2609)
-Quezada Perez,Y (2567) Capablanca Memorial Elite 43rd 2008 (2) 1-0}) (12...
Qe7 $142 $5 {Plus solide} 13. d5 exd5 14. Rad1 c5 {Sokolov,I (2670)-Adams,M 
(2685) EU-ch Rapid-30' 1996 1/2}) 13. d5 {[%csl Rb7]} (13. c5 $5) 13... e5 $2 {
Une faute théorique} (13... Rg6 $142 14. Rad1 e5 15. Bd3 c6 16. Bxe4 fxe4 17.
Qxe4 cxd5 18. cxd5 Nf6 19. Qc4 Rc8 20. Qb3 Qd7 21. Ne1 Ba6 22. f3 Bc4 {0-1
Ivanchuk,V (2787)-Nisipeanu,L (2668)/Khanty Mansiysk 2007/CBM 122}) (13... Rh6
$142 {Dreev,A (2705)-Nisipeanu,L (2670) EU-ch 6th Warsaw 2005 (8) 1/2}) 14. Nh4
$1 g6 15. f3 Ng5 16. f4 Nf7 {[%csl Rb7,Rd7,Rf6,Rf7] Les pièces noires sont mal
placées et face а un GMI aussi expérimenté, le lorrain va souffrir.} 17. Nf3
$146 {[%csl Re5,Gg5]} (17. Rae1 b5 {[%cal Rb7d5];Lysyj,I (2598)-Severiukhina,Z
(2318) RUS-ch Students 2009 (3) 1-0}) 17... Qe7 18. Rae1 $16 {[%cal Ge1e7]} Re8
19. Nd2 {[%cal Ge3e4]} Nh6 {[%cal Gh6g4]} 20. Qc3 {[%cal Gc3h8]} (20. Bd3 e4
21. Bxf6 exd3 22. Bxe7 dxc2 23. Bh4 Ng4 24. Rc1 (24. h3 Nxe3) 24... Rxe3 25.
Rxc2 Rxa3 26. Re1 $40 {[%csl Ra3,Ge1][%cal Gh2h3,Ge1e7] les R blanches vont
dominer le centre}) (20. e4 $5 fxe4 {[%cal Gh6f5]} 21. Nxe4 {[%csl Rf6]} Rxf4
22. Bc1 {[%cal Gc1h6]} (22. Rxf4 exf4 23. Qc3 Ne5) 22... Rxe4 23. Qxe4 (23.
Bxh6 Qh4) 23... Nf5 24. g4 Nd4 25. Bd3 Qh4 26. Be3 {[%cal Ge3d4,Ge3f2]} c5 27.
Bf2 Qg5 28. Be3 Qh4 29. g5 $1 Qxe4 30. Bxe4 $36 {[%csl Rb7,Rd7,Ge1,Gf1]}) 20...
Qg7 21. Bd1 {[%csl Rd7][%cal Gd1a4]} Re7 (21... c6 $142) 22. Ba4 $1 {[%csl Re5]
[%cal Gd2f3,Ga4d7,Gf3e5,Gc3e5] Menace le défenseur du P"e5"} b5 $5 23. Bxb5 Nb6
{[%csl Rb5][%cal Ga7a6]} 24. Qb3 $1 {[%cal Gc4c5,Gb3g8]} (24. c5 $1 {[%cal
Gb5c4]} Nxd5 25. Qb3 (25. Bc4)) 24... Nf7 25. Nf3 (25. e4 $1 a6 26. Bc6 Bxc6
27. dxc6 $18 {[%csl Rb6,Gd7][%cal Gc4c5]}) 25... g5 26. a4 Rg6 27. a5 $18 Nd7
28. fxe5 dxe5 29. c5 {[%cal Gc5c6]} Nf8 30. Rd1 {[%cal Gd5d6]} Kh8 31. Qc3 Rf6
32. Bc4 g4 33. Nh4 Qg5 34. g3 {Une grosse domination positionnelle du GMI} 1-0

[Event "BL2-Ost 0405"]
[Site "Germany"]
[Date "2004.10.24"]
[Round "1.1"]
[White "Prusikin, Michael"]
[Black "Gavrikov, Viktor"]
[Result "1-0"]
[WhiteElo "2517"]
[BlackElo "2552"]
[Annotator "Prusikin,M"]
[PlyCount "51"]
[EventDate "2004.10.24"]
[EventType "team-tourn"]
[EventRounds "9"]
[EventCountry "GER"]
[SourceTitle "EXT 2015"]
[Source "ChessBase"]
[SourceDate "2014.11.20"]
[SourceVersion "1"]
[SourceVersionDate "2014.11.20"]
[SourceQuality "1"]
[WhiteTeam "Forchheim"]
[BlackTeam "Koenig Plauen"]
[WhiteTeamCountry "GER"]
[BlackTeamCountry "GER"]

1. d4 Nf6 2. Nf3 e6 3. e3 b6 4. Bd3 Bb7 5. O-O d5 6. b3 Bd6 7. Bb2 O-O 8. Nbd2
Ne4 9. c4 Nd7 10. Qc2 f5 11. cxd5 $1 exd5 12. Ne5 Qe7 13. f4 Ndf6 14. Ndf3 $5
$146 (14. Nxe4 Nxe4 15. Rf3 Rac8 16. Rh3 Bxe5 17. dxe5 c5 18. Qe2 g6 19. Bxe4
fxe4 20. Rf1 $36 {Najdorf-Petersson (1976)}) 14... c5 $6 {Der Hebel ist
günstig für Weiß, weil Weiß von jetzt an den Zeitpunkt für die Öffnung des
Zentrums bestimmen kann. Außerdem wird der Bb2 zum Leben erweckt.} (14... a5 $1
{mit den Ideen Bb7-a6 und a5-a4 gab Schwarz bequemes Spiel.}) 15. Qe2 $14 Rac8
16. Rac1 Rc7 17. Rc2 Qe6 18. Rfc1 Rfc8 {Diagramm [#]} 19. Qe1 $1 {Ein schöner
Zug, die Dame "schielt" von hier aus zu beiden den Flügeln.} Qe7 20. h3 $1 {
zwingt Schwarz, sich mit der eventuellen Drohung g2-g4 auseinander zu setzten}
Qe6 $6 21. dxc5 $1 bxc5 22. b4 $5 (22. Qh4 $5 {mit der Idee g2-g2 kam
ebenfalls in Betracht.}) 22... Qe7 23. bxc5 Rxc5 24. Rxc5 Bxc5 25. Bd4 g6 26.
Qa5 $16 {Weiß verfügt nun über offensichtlichen positionellen Vorteil, aber
die Partie nahm hier ein abruptes Ende: ohne jegliche Regung überschritt hier
mein Gegner die Zeit. Als ich ihn auf diese Tatsache aufmerksam machte, zeigte
er sich leicht überrascht. Offensichtlich war er im Glauben, über eine weitere
Stunde zu verfügen! (Gespielt wurde damals noch mit den schlechten alten
Garde-Uhren).} 1-0

[Event "Zug Young Masters"]
[Site "Zug"]
[Date "1999.10.14"]
[Round "?"]
[White "Prusikin, Michael"]
[Black "Peptan, Corina Isabela"]
[Result "1-0"]
[WhiteElo "2440"]
[BlackElo "2420"]
[Annotator "Prusikin,M"]
[PlyCount "55"]
[EventDate "1999.10.??"]
[EventType "tourn"]
[EventRounds "11"]
[EventCountry "SUI"]
[EventCategory "4"]
[SourceTitle "EXT 2013"]
[Source "ChessBase"]
[SourceDate "2012.11.22"]
[SourceVersion "1"]
[SourceVersionDate "2012.11.22"]
[SourceQuality "1"]

1. d4 Nf6 2. Nf3 e6 3. e3 c5 4. Bd3 b6 5. O-O Bb7 6. c4 Be7 7. Nc3 cxd4 8. exd4
d5 9. cxd5 Nxd5 10. Ne5 O-O 11. Qh5 Nf6 12. Qh4 Nbd7 13. Qh3 {Diagramm [#]} h6
$2 {Eine absolut unnötige Schwächung des Königsflügels. 5 Jahre später glich
hier C. Balogh gegen mich mit 13...Te8 aus.} (13... Re8 14. Re1 (14. Rd1 $5 a6
$1 15. Bg5 $14) 14... Rc8 15. Bg5 Nf8 16. Bb5 N6d7 17. Bxe7 Rxe7 18. Nxd7 Nxd7
19. d5 Nf8 $11) 14. Re1 $1 {ein schöner Prophylaxezug, der sich gegen Tf8-e8
richtet:} Nxe5 {was sonst?} (14... Re8 15. Nxf7 Kxf7 16. Qxe6+ Kf8 17. Bg6 $18)
15. dxe5 Nh7 {Diagramm [#]} 16. Bxh6 $1 $18 gxh6 17. Rad1 Qc7 18. Qxh6 f5 19.
exf6 Bxf6 20. Bxh7+ Qxh7 21. Qxh7+ Kxh7 22. Rd7+ Kg6 23. Rxb7 Bd4 24. Re2 Rf5
25. g3 Raf8 26. Ne4 a5 27. b3 e5 28. Rc2 1-0

[Event "URS-chT Cup 11th"]
[Site "Rostov on Don"]
[Date "1980.05.??"]
[Round "2"]
[White "Balashov, Yuri S"]
[Black "Romanishin, Oleg M"]
[Result "1/2-1/2"]
[WhiteElo "2590"]
[BlackElo "2580"]
[Annotator "RR"]
[PlyCount "110"]
[EventDate "1980.05.23"]
[EventType "team-tourn"]
[EventRounds "7"]
[EventCountry "URS"]
[SourceTitle "EXT 2020"]
[Source "ChessBase"]
[SourceDate "2019.10.17"]
[SourceVersion "1"]
[SourceVersionDate "2019.10.17"]
[SourceQuality "1"]
[WhiteTeam "Burevestnik"]
[BlackTeam "Avangard"]
[WhiteTeamCountry "URS"]
[BlackTeamCountry "URS"]

1. d4 Nf6 2. c4 e6 3. Nf3 b6 4. e3 Bb7 5. Bd3 Bb4+ (5... g6 $5 {Un bon système
face а la variante e3 de l'Ouest-Indienne car le B est plus actif en "g7"
qu'en "e7" et la perte de temps "e6" est négligeable.}) 6. Nbd2 O-O 7. O-O d5
8. a3 Bd6 9. b4 dxc4 10. Nxc4 Nbd7 11. Bb2 Ne4 12. Qc2 f5 13. Rfe1 Qe8 14. Nce5
Ndf6 15. Nd2 Rd8 16. f3 Nxd2 17. Qxd2 Qh5 18. Qe2 Nd5 19. Rac1 Rf6 20. Rf1 Rh6
21. h3 Bxe5 22. dxe5 Rg6 23. Kh1 Qh4 24. Bc4 Rd7 25. Bxd5 Bxd5 26. Qf2 Rh6 27.
Rcd1 Qxf2 28. Rxf2 Rh4 29. Rd4 Rxd4 30. exd4 g5 31. Kg1 f4 32. Rc2 Kf7 33. h4
gxh4 34. Bc1 h3 35. gxh3 Bxf3 36. Rf2 Be4 37. Rxf4+ Bf5 38. Kf2 Ke8 39. h4 Rd5
40. Be3 Kd7 41. Rf3 Kc6 42. Rg3 Rd7 43. h5 Rf7 44. Ke2 Kd5 45. Rg8 Ke4 46. Rg3
c6 47. Bf2 a5 48. bxa5 bxa5 49. h6 Rb7 50. Re3+ Kf4 51. Rf3+ Kg5 52. Rc3 Be4
53. Be3+ Kg4 54. Bd2 Bd5 55. Rc1 Rb3 1/2-1/2

[Event "Rohde op 07th"]
[Site "Sautron"]
[Date "2007.10.29"]
[Round "4"]
[White "Potkin, Vladimir"]
[Black "Dobrev, Nanko"]
[Result "1-0"]
[WhiteElo "2612"]
[BlackElo "2448"]
[Annotator "RR"]
[PlyCount "103"]
[EventDate "2007.10.27"]
[EventType "swiss"]
[EventRounds "9"]
[EventCountry "FRA"]
[SourceTitle "EXT 2008"]
[Source "ChessBase"]
[SourceDate "2007.11.25"]
[SourceVersion "1"]
[SourceVersionDate "2007.11.25"]
[SourceQuality "1"]

1. d4 Nf6 2. c4 e6 3. Nf3 Bb4+ 4. Nbd2 (4. Bd2 {La ligne principale}) (4. Nc3)
(4. Nfd2 $6) 4... b6 (4... d6 {[%cal Ge6e5] L'autre plan est de jouer sur
cases noires mais b6 est la ligne principale} 5. g3 O-O 6. Bg2 Qe7 7. O-O Bxd2
8. Bxd2 e5) (4... O-O 5. a3 Bxd2+ 6. Qxd2) 5. a3 (5. g3 Ba6 (5... Bb7 6. Bg2
O-O 7. O-O d5 (7... c5 8. a3 Bxd2 9. Bxd2 cxd4 10. Bb4 $1 {[%cal Gb4f8,Gf3d4]}
Re8 11. Bd6 $36 {[%csl Gd6];Karpov,A (2660)-Andersson,U (2555) Madrid 1973 (3)
1-0})) 6. Qc2 Bb7 7. Bg2 Be4 {[%cal Ge4c2]}) 5... Bxd2+ 6. Qxd2 (6. Bxd2 {
[%cal Gd1c2]} Bb7 7. Bg5 d6 (7... h6) 8. e3 Nbd7 9. Qc2 h6 10. Bh4 Qe7 (10...
g5 11. Bg3 Ne4) 11. Rd1 a5 (11... g5 12. Bg3 Ne4 $13) 12. b3) 6... Bb7 7. e3 {
[%cal Gb2b4,Gc1b2]} (7. Qc3 Ne4 8. Qc2 f5 9. e3 O-O 10. Bd3 d6 {[%cal Gd8e7,
Gb8d7]}) 7... d6 8. b4 $5 {[%cal Gc1b2]} (8. Be2) 8... a5 (8... Nbd7) 9. Bb2
axb4 10. axb4 Rxa1+ 11. Bxa1 Nbd7 12. Be2 O-O 13. O-O Qe7 {[%cal Ge6e5]} 14.
Bb2 ({RR} 14. Qc2 Ra8 15. Nd2 Nf8 16. Bc3 Ng6 17. f4 Ra3 18. Qb2 Ra7 19. Bf3
Bxf3 20. Rxf3 d5 21. Rf1 {1/2-1/2 Dlugy,M (2545)-Hort,V (2570)/Amsterdam 1987/
TD}) 14... Ra8 {tout est toujours théorique} 15. Ra1 {Une idée récente de
Sakaev, les parties précédentes avaient continué avec Qc2} (15. Qc2) 15... Qd8
$146 (15... Qf8 {Sakaev,K (2665)-Riazantsev,A (2556) RUS-ch qual 57th 2004 (3)
1-0}) 16. Qd1 Ne4 $11 17. Ne1 {[%cal Gf2f3]} f5 $132 18. f3 $1 {Pour valoriser
la paire de B, il est important de chasser les N des cases centrales.} Nef6 19.
Nd3 {[%csl Ge5,Gf4]} Rxa1 20. Qxa1 Qa8 21. Qxa8+ Bxa8 22. b5 $14 {[%csl Gb2,
Rc7,Ge2] La paire de B donne une bonne finale aux blancs} Kf7 23. Kf2 Bb7 24.
Bd1 {[%cal Gd1b3]} Ke7 25. Ba3 {[%cal Ga3e7]} Kf7 26. Bb2 {"ne pas se presser
en finale"} Ke7 27. h3 h5 28. h4 {[%csl Gg5]} Kf7 29. Bb3 Ke7 30. Bc3 Bc8 31.
Ke2 Bb7 32. Bb4 Kf7 33. Be1 Ke7 34. Bg3 {Le GMI cherche visiblement а passer
le contrôle de temps du 40ème coup pour décider un plan de gain} c5 $2 {
[%csl Rb6] Une petite imprécision qui permet d'ouvrir le jeu а la paire de B}
35. bxc6 {[%csl Rb6]} Bxc6 36. Kd2 $1 {[%csl Gb6][%cal Gd2b4,Gb3a4,Ga4c6,Gb4b5]
} Nf8 37. Kc3 {[%csl Rb6]} Ng6 38. Kb4 Kd7 39. Bc2 (39. Ba4 $143 Bxa4 40. Kxa4
Kc6) 39... Ke7 40. Nb2 {[%cal Gb2a4,Ga4b6]} Bd7 41. Bf2 $1 {[%cal Gf2b6,Gg2g4]}
Ne8 $6 42. Na4 Bxa4 43. Kxa4 Nc7 44. g4 $1 hxg4 45. fxg4 (45. h5 Nh8 46. fxg4
fxg4 47. Bd1) 45... Kf6 46. gxf5 exf5 47. Bg3 {[%csl Rd6] la paire de B est
trop forte dans cette position ouverte} Ke6 48. d5+ {[%csl Rd6]} Ke7 49. Bxf5
Ne5 50. Kb4 b5 $2 51. Bxe5 dxe5 52. Kc5 1-0

[Event "EU-ch 2nd"]
[Site "Ohrid"]
[Date "2001.06.02"]
[Round "2"]
[White "Gausel, Einar"]
[Black "Pigusov, Evgeny"]
[Result "1/2-1/2"]
[WhiteElo "2480"]
[BlackElo "2584"]
[Annotator "Rabinovich,Al"]
[PlyCount "86"]
[EventDate "2001.06.01"]
[EventType "swiss"]
[EventRounds "13"]
[EventCountry "YUG"]
[SourceTitle "CBM 084"]
[Source "ChessBase"]
[SourceDate "2001.09.13"]
[SourceVersion "1"]
[SourceVersionDate "2001.09.13"]
[SourceQuality "1"]

1. d4 Nf6 2. Nf3 e6 3. c4 c5 4. e3 cxd4 5. exd4 b6 6. Nc3 Bb7 7. Bg5 {White
chose a quiet line,which doesn't promise too many problems for black to
equalize.} Be7 8. Bd3 (8. Be2 O-O 9. O-O d5 10. Ne5 dxc4 11. Bxc4 h6 12. Bf4
Nc6 13. Nxc6 Bxc6 14. Qd3 Qd7 $11 {1/2-1/2 Hort,V-Psakhis,L/Dortmund 1982/MCL 
(45)}) 8... h6 (8... O-O 9. h4 Ne8 10. d5 Na6 11. Qe2 h6 12. Rd1 $5 $36 {
1-0 Speelman,J-Kudrin,S/Hastings 1983/MCD (21)}) 9. Bh4 d6 (9... g5 $6 10. Bg3
g4 11. Nh4 Nc6 12. d5 Nb4 13. d6 Bf8 14. Nb5 Na6 15. Qe2 (15. Ng6 $5) 15... Bg7
16. Nf5 $16) 10. O-O Nbd7 11. Re1 O-O 12. Rc1 (12. a3 Re8 13. Rc1 Rc8 14. Bf1
d5 15. Ne5 dxc4 16. Nxc4 a6 {1/2-1/2 Lautier,J-Polugaevsky,L/Biel 1990/CBM 19 
(16)}) 12... Rc8 13. Qe2 Re8 $11 {[%cal Gf6h5,Gh5f4]} 14. Bg3 $6 (14. Rcd1 Nd5
$4 (14... Nh5 15. Bxe7 Qxe7 16. Qe3 Nhf6 $11) 15. cxd5 $1 (15. Bxe7 $6 Nxc3 16.
Bxd8 Nxe2+ 17. Bxe2 Rexd8 $11) 15... Bxh4 16. Nb5 $18) 14... Nh5 15. b4 a6 16.
a3 Ndf6 17. Nd2 Bf8 (17... Nxg3 $5 18. hxg3 Qc7 {[%cal Gc7b8,Gb8a8,Ga8g2]} 19.
Nde4 $6 Nxe4 20. Nxe4 d5 $15) 18. Nce4 Nxg3 19. hxg3 Nxe4 20. Bxe4 Bxe4 21.
Qxe4 Re7 $6 (21... d5 $1 22. cxd5 Rxc1 23. Rxc1 exd5 24. Qd3 a5 25. b5 Qe7 $15
{And black is clearly better.}) 22. Qd3 Rec7 23. d5 $5 {Good decision from
white. White makes black a weakness on d6 what gives him some counterplay.}
exd5 (23... e5 {Can't be good for black,since closing the position will be
convinient for white's N.}) 24. Qxd5 $132 Qg5 (24... b5 $142 25. Re4 Qd7 {
[%cal Gb5c4,Gd7a4] Would leave black some chances for advantage.}) 25. Qxg5
hxg5 26. Rcd1 g4 27. Ne4 (27. Re4 f5 28. Rd4 g6 {[%cal Gg8f7]}) 27... Re7 28.
Nd2 Rec7 29. Ne4 {[%csl Rd6][%cal Gd1d4,Ge1d1] Black is forced to enter
R-ending,which is completly drawn.} Rxc4 30. Nxd6 Bxd6 31. Rxd6 R8c6 32. Rxc6
Rxc6 $11 33. Re8+ Kh7 34. Ra8 b5 35. Kf1 Re6 36. f3 f5 (36... Kg6 $5 {Wouldn't
change much.}) 37. Kf2 Kg6 38. fxg4 fxg4 39. Rd8 Kf5 40. Rd5+ Re5 (40... Ke4 $5
) 41. Rd6 Re6 42. Rd5+ Re5 43. Rd6 Re6 1/2-1/2